00494nam a2200133 i 4500001000700000003000900007007000300016008004100019100003100060245012900091260004000220300006900260852003100329100217ES-MaACLt|050923s1945 ag ||||1| spa d1 aMartínez Rubio, Eduardo.10aApiterapia y reumatismo b: pasado, presente y porvenir del veneno de abeja en la medicina / cpor Eduardo Martínez Rubio. aBuenos Aires : bVázquez, c1945. a1 lám. ret. aut., XII, 15-306 p., 6 h., lám. 1-16 ; c23 cm. aES-MaACLjE-1998 bR.22811